000 00616nam a2200205Ia 4500
003 GCL
008 140319s9999 xx 000 0 ara d
040 _aGCL /
_cGCL
082 0 4 _a415.1
_bز ل
100 1 _aزين كامل الخويسكى
245 1 0 _aلعل فى القران الكريم /
_cزين كامل الخويسكى
260 _a[S.N] :
_bدار المعرفة الجامعية ،
_c1989
300 _a97 ص
490 _a
650 0 4 _aالنحو
650 0 4 _aاللغة العربية
650 0 4 _aالبلاغة العربية
650 0 4 _aالقران - الفاظ
942 _2ddc
_cBK
999 _c53784
_d53784